Introducción a la economía colombiana / (Registro nro. 4725)

Detalles MARC
000 -LEADER
fixed length control field 01727nam a2200361Ia 4500
003 - CONTROL NUMBER IDENTIFIER
control field OSt
005 - DATE AND TIME OF LATEST TRANSACTION
control field 20200715105646.0
008 - FIXED-LENGTH DATA ELEMENTS--GENERAL INFORMATION
fixed length control field 191128s2013 ck ad gr 000 0dspa d
020 ## - INTERNATIONAL STANDARD BOOK NUMBER
International Standard Book Number 9789586828451
040 ## - CATALOGING SOURCE
Original cataloging agency CO-JMCR
Transcribing agency CO-JMCR
041 0# - LANGUAGE CODE
Language code of text/sound track or separate title spa
082 04 - DEWEY DECIMAL CLASSIFICATION NUMBER
Classification number 330.9861 /
Item number C266i1
Edition number 23
100 1# - MAIN ENTRY--PERSONAL NAME
Personal name Cárdenas S., Mauricio,
Relator term autor
9 (RLIN) 6536
245 10 - TITLE STATEMENT
Title Introducción a la economía colombiana /
Statement of responsibility, etc. Mauricio Cárdenas S. ; colaboradores Roberto Junguito, Camilo García, María Fernanda Rosales [y otros 3]
250 ## - EDITION STATEMENT
Edition statement 3a. edición.
260 ## - PUBLICATION, DISTRIBUTION, ETC.
Place of publication, distribution, etc. Bogotá :
Name of publisher, distributor, etc. Alfaomega : Fedesarrollo,
Date of publication, distribution, etc. 2013.
300 ## - PHYSICAL DESCRIPTION
Extent xxii, 549 páginas :
Other physical details ilustraciones, gráficos a blanco y negro ;
Dimensions 24 cm.
504 ## - BIBLIOGRAPHY, ETC. NOTE
Bibliography, etc. note Bibliográfia: páginas 550-561.
505 0# - FORMATTED CONTENTS NOTE
Formatted contents note Características estructurales de la economía colombiana -- Los sectores externo y público -- Funcionamiento de los principales mercados -- La problemática social --
520 0# - SUMMARY, ETC.
Summary, etc. El contenido de este libro es un pilar fundamental para los profesionales y estudiantes de diferentes disciplinas que están interesados y/o quieren un conocimiento serio y documentado de nuestra estructura ecónomica actual.
650 14 - SUBJECT ADDED ENTRY--TOPICAL TERM
Topical term or geographic name entry element Economía colombiana
9 (RLIN) 7283
650 24 - SUBJECT ADDED ENTRY--TOPICAL TERM
Topical term or geographic name entry element Crecimiento económico
9 (RLIN) 3636
650 24 - SUBJECT ADDED ENTRY--TOPICAL TERM
Topical term or geographic name entry element Hacienda pública
9 (RLIN) 7284
650 24 - SUBJECT ADDED ENTRY--TOPICAL TERM
Topical term or geographic name entry element Cambio exterior
9 (RLIN) 5875
650 24 - SUBJECT ADDED ENTRY--TOPICAL TERM
Topical term or geographic name entry element Mercado financiero
Geographic subdivision Colombia
9 (RLIN) 7285
650 24 - SUBJECT ADDED ENTRY--TOPICAL TERM
Topical term or geographic name entry element Política social
Geographic subdivision Colombia
9 (RLIN) 7286
650 24 - SUBJECT ADDED ENTRY--TOPICAL TERM
Topical term or geographic name entry element Política económica
9 (RLIN) 7287
700 1# - ADDED ENTRY--PERSONAL NAME
Personal name Junguito, Roberto,
Relator term colaborador
9 (RLIN) 7213
700 1# - ADDED ENTRY--PERSONAL NAME
Personal name García, Camilo,
Relator term colaborador
9 (RLIN) 7258
700 1# - ADDED ENTRY--PERSONAL NAME
Personal name Rosales, Mária Fernanda,
Relator term colaboradora
9 (RLIN) 7259
700 1# - ADDED ENTRY--PERSONAL NAME
Personal name Herrera, Catalina,
Relator term colaboradora
9 (RLIN) 7288
942 ## - ADDED ENTRY ELEMENTS (KOHA)
Source of classification or shelving scheme Dewey Decimal Classification
Koha item type Books
Existencias
Withdrawn status Lost status Source of classification or shelving scheme Materials specified (bound volume or other part) Damaged status Not for loan Home library Current library Shelving location Date acquired Source of acquisition Total Checkouts Total Renewals Full call number Barcode Date last seen Date last checked out Copy number Price effective from Koha item type
    Dewey Decimal Classification Donación--01/01/2017--     Biblioteca Pública José María del Castillo y Rada Biblioteca Pública José María del Castillo y Rada General Stacks 11/28/2019 Donación 10 2 330.9861 / C266i1 430000056 03/31/2026 03/31/2026 Ej.1 11/28/2019 Books